000 00913nam a22003017a 4500
001 BR7907915
003 BR-BrBNA
005 20230928090316.0
007 ta
008 230509b bl.||||| |||| 00| 0 por d
040 _aBR-BrBNA
_bpor
_cBiblioteca Nacional de Agricultura
041 _a(Por)
072 _aF25; E70; E15
_b3840
_b/G514
090 _ 3840 BR7907915
110 1 _aCompanhia Agropecuaria de Fomento Economico do Parana, Curitiba (Brasil)
_92271
245 1 _aCalcario agricola. Projeto de viabilidade socio-economica para comercializacao, estocagem e aplicacao pelo CAFE do Parana [Brasil]
260 3 _aCuritiba, PR (Brasil):
_c1979.
300 _a63 p.
650 _aCALCARIO
650 _aPRECO
650 _aMERCADO
650 _aFINANCIAMENTO
650 _aESTOCAGEM
650 _aECONOMIA AGRICOLA
650 _aPARANA
909 _a202309
_bLucia
_c55
_dLucia Elande
942 _cBK
999 _c28388
_d28388